header

The imitative mind (Record no. 42545)

MARC details
000 -LEADER
fixed length control field 01434nam a22003494a 4500
082 04 - DEWEY DECIMAL CLASSIFICATION NUMBER
Classification number 156/.3
245 04 - TITLE STATEMENT
Title The imitative mind
260 ## - PUBLICATION, DISTRIBUTION, ETC. (IMPRINT)
Place of publication Cambridge, U.K. ;
-- New York :
Name of publisher Cambridge University Press,
Year of publication 2002.
300 ## - PHYSICAL DESCRIPTION
Number of Pages ix, 353 p. :
Other physical details ill.
490 1# - SERIES STATEMENT
Series statement Cambridge studies in cognitive perceptual development
650 #0 - SUBJECT ADDED ENTRY--TOPICAL TERM
Topical Term Imitation.
Topical Term Imitation in children.
Topical Term Psychology, Comparative.
700 1# - ADDED ENTRY--PERSONAL NAME
Personal name Meltzoff, Andrew N.
Personal name Prinz, Wolfgang,
856 40 - ELECTRONIC LOCATION AND ACCESS
Uniform Resource Identifier http://site.ebrary.com/lib/rucke/Doc?id=10069897

No items available.

© 2026 Rongo University
Contact us: librarian | system librarian | Rongo university